Nghiên cứu tính đa dạng thực vật trong hệ sinh thái rừng ngập nước úng phèn ở Vườn Quốc gia Phú Quốc : Luận văn Thạc sĩ. Chuyên ngành: Sinh thái học

Luận văn trình bày sự đa dạng thực vật trong hệ sinh thái rừng ngập nước ở đảo Phú Quốc. Vì vậy kết quả nghiên cứu sẽ giúp ích rất nhiều cho các ngành khoa học ứng dụng sau này như bảo tồn, dược liệu,......

Ausführliche Beschreibung

Gespeichert in:
Bibliographische Detailangaben
1. Verfasser: Phạm, Văn Thắng
Format: Buch
Sprache:Undetermined
Veröffentlicht: Cần Thơ Trường Đại học Cần Thơ 2010
Schlagworte:
Tags: Tag hinzufügen
Keine Tags, Fügen Sie den ersten Tag hinzu!
Thư viện lưu trữ: Trung tâm Học liệu Trường Đại học Cần Thơ
LEADER 01391nam a2200229Ia 4500
001 CTU_161688
008 210402s9999 xx 000 0 und d
082 |a 577.3 
082 |b Th116 
088 |a 60420120 
100 |a Phạm, Văn Thắng 
245 0 |a Nghiên cứu tính đa dạng thực vật trong hệ sinh thái rừng ngập nước úng phèn ở Vườn Quốc gia Phú Quốc : 
245 0 |b Luận văn Thạc sĩ. Chuyên ngành: Sinh thái học 
245 0 |c Phạm Văn Thắng ; Nguyễn Nghĩa Thìn, Đặng Minh Quân ( Hướng dẫn khoa học) 
260 |a Cần Thơ 
260 |b Trường Đại học Cần Thơ 
260 |c 2010 
520 |a Luận văn trình bày sự đa dạng thực vật trong hệ sinh thái rừng ngập nước ở đảo Phú Quốc. Vì vậy kết quả nghiên cứu sẽ giúp ích rất nhiều cho các ngành khoa học ứng dụng sau này như bảo tồn, dược liệu,... 
650 |a Ecology,Sinh thái rừng,Sinh thái học,Biology,Life (Biology),Sinh vật học,Đời sống (Sinh vật học),Forest ecology 
650 |z Vietnam,Việt Nam,Việt Nam,Vietnam 
904 |i Linh Cát, Trọng Hiếu 
980 |a Trung tâm Học liệu Trường Đại học Cần Thơ